Central Library OPAC University of Rajshahi

Stimulus and response (Record no. 2166)

MARC details
000 -LEADER
fixed length control field 00617nam a2200229 4500
001 - CONTROL NUMBER
control field 2166
003 - CONTROL NUMBER IDENTIFIER
rucl marc code BD-RjUL
005 - DATE AND TIME OF LATEST TRANSACTION
control field 20211208233509.0
008 - FIXED-LENGTH DATA ELEMENTS--GENERAL INFORMATION
fixed length control field 131210s1968 nyua 000 0 eng d
035 ## - SYSTEM CONTROL NUMBER
System control number (BD-RjUL)2193
040 ## - CATALOGING SOURCE
Original cataloging agency DLC
Transcribing agency DLC
Modifying agency DLC
-- BD-RjUL
Language of cataloging eng
041 ## - LANGUAGE CODE
Language code of text/sound track or separate title eng
082 00 - DEWEY DECIMAL CLASSIFICATION NUMBER
Classification number 152.3224
Author mark and year BAS 1968
100 1# - MAIN ENTRY--PERSONAL NAME
Personal name Barlow, John A.
9 (RLIN) 7096
245 10 - TITLE STATEMENT
Title Stimulus and response
Statement of responsibility, etc. by John A. Barlow.
260 ## - PUBLICATION, DISTRIBUTION, ETC. (IMPRINT)
Place of publication, distribution, etc. New York :
Name of publisher, distributor, etc. Harper & Row,
Date of publication, distribution, etc. 1968.
300 ## - PHYSICAL DESCRIPTION
Pagination xviii, 199 p. :
Illustrations illus.;
Size 21 cm.
650 #0 - SUBJECT ADDED ENTRY--TOPICAL TERM
Topical term or geographic name as entry element Conditioned response.
9 (RLIN) 7097
942 ## - ADDED ENTRY ELEMENTS (KOHA)
Source of classification or shelving scheme Dewey Decimal Classification
Koha item type Books
Holdings
Lost status Source of classification or shelving scheme Damaged status Not for loan Collection code Permanent Location Current Location Shelving location Date acquired Source of acquisition Cost, normal purchase price Total Checkouts Full call number Date last seen Copy number Koha item type
  Dewey Decimal Classification     Non-fiction Central Library, University of Rajshahi Central Library, University of Rajshahi   05/08/1971 Zeithlinger. 47.00   152.3224 BAS 1968 10/12/2013 C-2 Books
  Dewey Decimal Classification   Not For Loan Non-fiction Central Library, University of Rajshahi Central Library, University of Rajshahi Reading Room 05/08/1971 Zeitlinger 47.00   152.3224 BAS 1968 09/04/2014 C-1 Books